Представление документа в формате MARC21

Поле Инд. ПП Название Значение
Тип записи a
Библиографический уровень m
001 Контрольный номер UNIDUBNA5ced12a9d8c94e619fa651c2bed77c3f
005 Дата корректировки 20260413103605.5
008 Кодируемые данные 20120409
020 a ISBN 978-5-89847-634-2
040 b Код языка каталог. rus
e Правила каталог. PSBO
041 0_ a Код языка текста rus
084 a Индекс другой классификации/Индекс ББК 22.35в672я431
245 10 a Заглавие Задачи и методы нейтронных исследований конденсированных сред
c Ответственность Министерство науки и высшего образования Российской Федерации; Государственный университет "Дубна". Инженерно-физический институт; по общей редакцией В. И. Боднарчука; в авторской peдакции
b Продолж. заглавия Вторая Всероссийская научно-практическая конференция (с международным участием) (Дубна, 21–23 ноября 2022 г.): сборник тезисов докладов
260 a Место издания Дубна
b Издательство Государственный университет "Дубна"
c Дата издания 2022
300 a Объем 64 с.
b Иллюстрации/ тип воспроизводства ил.
336 a Термин вида содержания Текст
337 a Термин типа средства электронный
521 0_ a Примеч. о целев. назн. студенты
550 a Факультет/Кафедра/Подразделение Инженерно-физический институт
650 04 a Основная рубрика физика
a Основная рубрика физика конденсированного состояния
653 0_ a Ключевые слова конденсированные среды
a Ключевые слова методы нейтронных исследований
a Ключевые слова нейтронная физика
a Ключевые слова нейтронные исследования
655 a Жанр/ форма (устаревшее) учебное пособие
700 1_ a Автор Боднарчук В. И.
e Роль лиц редактор
720 a Наименование подборки СЭБ3
e Признак/вид подборки Тематические подборки
856 40 a Имя сервера/домена Библиотечная система Университета "Дубна"
d Путь http://lib.uni-dubna.ru/MegaPRO/Web
i Указания/сценарий входа Доступ по номеру читательского билета и фамилии читателя
u URL https://lib.uni-dubna.ru/MegaPRO/UserEntry?Action=FindDocs&ids=181579&idb=ec_110
y Справочный текст Электронная версия
856 40 a Имя сервера/домена ЭБС "Лань"
d Путь http://e.lanbook.com/
i Указания/сценарий входа Доступ по логину и паролю
v Время доступа к ресурсу 10.04.2027
y Справочный текст Электронная версия
u URL https://e.lanbook.com/book/369422
900 a Имя электронного ресурса ZiMNIKS_2022
x Справочная информация Полный текст
900 a Имя электронного ресурса obl_ZiMNIKS_2022
x Справочная информация Обложка
901 t Тип документа 0
952 a Тип литературы для КСУ ВШ НАУ